00186nam a2200085Ia 4500008004100000100001600041245002500057260000900082300000900091190216s9999||||xx |||||||||||||| ||und|| aMadan K D P 0aSecretarial Practice bNull a458p